Diseño y comercialización de productos turísticos locales y regionales

-д хадгалсан:
Номзүйн дэлгэрэнгүй
Үндсэн зохиолч: Milio Balanzá, Isabel (autora)
Формат: Ном
Хэл сонгох:испани
Хэвлэсэн: Madrid International Thomson 2004
Хэвлэл:1a. ed
Цуврал:Hostelería y Turismo
Нөхцлүүд:
Шошгууд: Шошго нэмэх
Шошго байхгүй, Энэхүү баримтыг шошголох эхний хүн болох!

MARC

LEADER 00000nam a2200000 a 4500
001 UCI5023
003 CL-VaPUC
008 080311e20040000SP |||||||||||||||||spa|d
020 |a 8497322991 
082 0 4 |a 338.4791  |b MIL  |2 21 
100 |a Milio Balanzá, Isabel  |e autora  |9 548360 
245 1 0 |a Diseño y comercialización de productos turísticos locales y regionales 
250 |a 1a. ed 
300 |a 216 p 
942 |c BK 
945 |d 20080311 00:00:00  |a cmena 
260 |a Madrid  |b International Thomson  |c 2004 
650 0 |a Turismo  |9 308920 
650 0 |a Oferta y demanda  |9 255571 
650 0 |a Planificación estratégica   |9 259735 
650 0 |a Proyectos de inversión   |9 261065 
583 |a last modification  |c 20080311 00:00:00  |k Rodrigo Vera 
490 0 |a Hostelería y Turismo 
999 |c 328787  |d 328785 
952 |0 0  |1 0  |4 0  |6 338_479100000000000_MIL_2004  |7 0  |8 A  |9 412933  |a BIBING  |b BIBING  |d 2019-11-22  |i 4658396  |o 338.4791 MIL 2004  |p 4658396  |r 2025-01-20  |w 2019-11-22  |y BK  |k GEO